Auditoría: un nuevo enfoque empresarial
Uloženo v:
| Hlavní autoři: | , , , , , , , |
|---|---|
| Médium: | Kniha |
| Jazyk: | španělština |
| Vydáno: |
Buenos Aires
Macchi
1990
|
| Témata: | |
| Tagy: |
Přidat tag
Žádné tagy, Buďte první, kdo vytvoří štítek k tomuto záznamu!
|
MARC
| LEADER | 00000nam a2200000 a 4500 | ||
|---|---|---|---|
| 001 | UCW2786 | ||
| 003 | CL-VaPUC | ||
| 008 | 901030e19900000AG |||||||||||||||||spa|d | ||
| 082 | 0 | 4 | |a 657.45 |b SLO |2 21 |
| 100 | 0 | |a Slosse, Carlos A |e author |9 307078 | |
| 700 | 0 | |a Gordicz, Juan Carlos |e author |9 307079 | |
| 700 | 0 | |a López Lado, Daniel |e author |9 307080 | |
| 700 | 0 | |a Giordano, Silvia P |e author |9 307081 | |
| 700 | 0 | |a Servideo, Federico A |e author |9 307082 | |
| 700 | 0 | |a Dreispiel, Gustavo F |e author |9 307083 | |
| 700 | 0 | |a Pace, Carlos A |e author |9 307084 | |
| 700 | 0 | |a De Marco, Daniel J |e author |9 307085 | |
| 245 | 1 | 0 | |a Auditoría: un nuevo enfoque empresarial |
| 300 | |a 790 p | ||
| 942 | |c BK | ||
| 945 | |d 19901030 00:00:00 |a mfernand | ||
| 260 | |a Buenos Aires |b Macchi |c 1990 | ||
| 650 | 0 | |a Auditoría |9 307008 | |
| 583 | |a last modification |c 19901030 00:00:00 |k Rodrigo Vera | ||
| 999 | |c 217231 |d 217229 | ||
| 952 | |0 0 |1 0 |4 0 |6 657_450000000000000_SLO_1990 |7 0 |8 A |9 204249 |a BIBGIM |b BIBGIM |d 2019-11-15 |i 2714728 |o 657.45 SLO 1990 |p 2714728 |r 2025-01-15 |w 2019-11-15 |y BK |k COM | ||
| 952 | |0 0 |1 0 |4 0 |6 657_450000000000000_SLO_1990 |7 0 |8 A |9 204250 |a BIBGIM |b BIBGIM |d 2019-11-15 |i 2981890 |o 657.45 SLO 1990 |p 2981890 |r 2025-01-15 |w 2019-11-15 |y BK |k COM | ||